[Event "DVM U16w 2024"]
[Site "Neumünster GER"]
[Date "2024.12.28"]
[Round "4"]
[White "Guliyeva, Zahra"]
[Black "Gold, Finnja"]
[Result "0-1"]
[Termination "normal"]
[Board "9.2"]
[WhiteElo "1053"]
[BlackElo "1657"]
[WhiteClock "00:21:29"]
[BlackClock "01:06:35"]
[WhiteTeam "SC Agon Neumünster"]
[BlackTeam "SV Nürtingen 1920"]
[PlyCount "162"]
[WhiteFideId "34630198"]
[BlackFideId "34660453"]
[EventCountry "GER"]
[EventRounds "7"]
[EventType "team-swiss"]
[EventDate "2024.12.26"]

1. c4 {[%clk 01:30:59]} Nf6 {[%clk 01:30:53]} {[%emt 00:00:07]} 2. g3 {[%clk
01:31:23]} {[%emt 00:00:07]} e6 {[%clk 01:30:21]} {[%emt 00:01:01]} 3. Bg2
{[%clk 01:31:46]} {[%emt 00:00:07]} d5 {[%clk 01:30:35]} {[%emt 00:00:16]} 4.
cxd5 {[%clk 01:32:04]} {[%emt 00:00:13]} exd5 {[%clk 01:30:48]} {[%emt
00:00:16]} 5. d4 {[%clk 01:31:08]} {[%emt 00:01:26]} c6 {[%clk 01:30:45]}
{[%emt 00:00:33]} 6. Nc3 {[%clk 01:31:28]} {[%emt 00:00:11]} Bd6 {[%clk
01:30:43]} {[%emt 00:00:30]} 7. e3 {[%clk 01:31:35]} {[%emt 00:00:24]} O-O
{[%clk 01:29:50]} {[%emt 00:01:23]} 8. Nge2 {[%clk 01:31:48]} {[%emt 00:00:17]}
b6 {[%clk 01:29:37]} {[%emt 00:00:43]} 9. O-O {[%clk 01:31:47]} {[%emt
00:00:31]} Bb7 {[%clk 01:29:34]} {[%emt 00:00:33]} 10. b3 {[%clk 01:32:00]}
{[%emt 00:00:17]} Qd7 {[%clk 01:27:55]} {[%emt 00:02:07]} 11. Bb2 {[%clk
01:28:17]} {[%emt 00:04:16]} Na6 {[%clk 01:27:36]} {[%emt 00:00:49]} 12. Re1
{[%clk 01:00:59]} {[%emt 00:27:47]} Nc7 {[%clk 01:26:26]} {[%emt 00:01:40]} 13.
Nf4 {[%clk 00:56:44]} {[%emt 00:04:45]} Rab8 {[%clk 01:22:06]} {[%emt
00:04:49]} 14. Bh3 {[%clk 00:54:07]} {[%emt 00:03:09]} Qd8 {[%clk 01:20:11]}
{[%emt 00:02:22]} 15. Rc1 {[%clk 00:37:00]} {[%emt 00:17:40]} Re8 {[%clk
01:15:09]} {[%emt 00:05:32]} 16. Qf3 {[%clk 00:31:54]} {[%emt 00:05:36]} c5
{[%clk 01:14:19]} {[%emt 00:01:20]} 17. Nh5 {[%clk 00:31:11]} {[%emt 00:01:11]}
Nxh5 {[%clk 01:13:49]} {[%emt 00:01:01]} 18. Qxh5 {[%clk 00:30:50]} {[%emt
00:00:50]} cxd4 {[%clk 01:13:02]} {[%emt 00:01:18]} 19. exd4 {[%clk 00:31:05]}
{[%emt 00:00:14]} Rxe1+ {[%clk 01:12:35]} {[%emt 00:00:57]} 20. Rxe1 {[%clk
00:31:25]} {[%emt 00:00:11]} Qf6 {[%clk 01:11:22]} {[%emt 00:01:41]} 21. Na4
{[%clk 00:30:16]} {[%emt 00:01:39]} Bb4 {[%clk 01:09:52]} {[%emt 00:01:58]} 22.
Re5 {[%clk 00:27:29]} {[%emt 00:03:20]} Bc8 {[%clk 01:06:47]} {[%emt 00:03:29]}
23. Bg2 {[%clk 00:25:30]} {[%emt 00:02:28]} Be6 {[%clk 01:06:50]} {[%emt
00:00:33]} 24. Bc1 {[%clk 00:24:55]} {[%emt 00:01:04]} Bd6 {[%clk 01:06:23]}
{[%emt 00:00:59]} 25. Bg5 {[%clk 00:21:41]} {[%emt 00:03:44]} Qg6 {[%clk
01:05:29]} {[%emt 00:01:24]} 26. Qxg6 {[%clk 00:21:43]} {[%emt 00:00:28]} hxg6
{[%clk 01:05:00]} {[%emt 00:00:59]} 27. Re1 {[%clk 00:21:53]} {[%emt 00:00:20]}
Nb5 {[%clk 01:02:41]} {[%emt 00:02:46]} 28. Nb2 {[%clk 00:19:24]} {[%emt
00:03:02]} Nxd4 {[%clk 01:02:47]} {[%emt 00:00:25]} 29. Nd3 {[%clk 00:18:58]}
{[%emt 00:00:55]} f6 {[%clk 01:00:19]} {[%emt 00:02:57]} 30. Bf4 {[%clk
00:19:13]} {[%emt 00:00:16]} Rd8 {[%clk 01:00:15]} {[%emt 00:00:34]} 31. Bd2
{[%clk 00:17:19]} {[%emt 00:02:24]} Kf7 {[%clk 00:59:33]} {[%emt 00:01:10]} 32.
Bc3 {[%clk 00:16:51]} {[%emt 00:01:01]} Nb5 {[%clk 00:59:05]} {[%emt 00:00:56]}
33. Bb2 {[%clk 00:16:08]} {[%emt 00:01:14]} d4 {[%clk 00:58:53]} {[%emt
00:00:43]} 34. Nf4 {[%clk 00:16:07]} {[%emt 00:00:31]} Bxf4 {[%clk 00:57:59]}
{[%emt 00:01:23]} 35. gxf4 {[%clk 00:16:22]} {[%emt 00:00:16]} Nc3 {[%clk
00:58:06]} {[%emt 00:00:22]} 36. Bxc3 {[%clk 00:13:56]} {[%emt 00:02:56]} dxc3
{[%clk 00:58:24]} {[%emt 00:00:12]} 37. Rc1 {[%clk 00:14:06]} {[%emt 00:00:17]}
Rc8 {[%clk 00:58:40]} {[%emt 00:00:18]} 38. Bf3 {[%clk 00:12:57]} {[%emt
00:01:37]} b5 {[%clk 00:58:44]} {[%emt 00:00:29]} 39. Bd1 {[%clk 00:10:50]}
{[%emt 00:02:35]} b4 {[%clk 00:58:52]} {[%emt 00:00:24]} 40. Kf1 {[%clk
00:10:29]} {[%emt 00:00:50]} Rh8 {[%clk 00:57:22]} {[%emt 00:01:59]} 41. Kg2
{[%clk 00:10:33]} {[%emt 00:00:24]} Bd5+ {[%clk 00:56:51]} {[%emt 00:01:04]}
42. Kg3 {[%clk 00:09:39]} {[%emt 00:01:24]} f5 {[%clk 00:56:24]} {[%emt
00:00:56]} 43. Be2 {[%clk 00:09:30]} {[%emt 00:00:39]} Re8 {[%clk 00:56:14]}
{[%emt 00:00:38]} 44. Bc4 {[%clk 00:09:41]} {[%emt 00:00:22]} Bxc4 {[%clk
00:56:32]} {[%emt 00:00:13]} 45. bxc4 {[%clk 00:10:05]} {[%emt 00:00:05]} Rc8
{[%clk 00:56:47]} {[%emt 00:00:13]} 46. Kf3 {[%clk 00:09:54]} {[%emt 00:00:44]}
Rxc4 {[%clk 00:56:58]} {[%emt 00:00:20]} 47. Ke3 {[%clk 00:10:14]} {[%emt
00:00:09]} Ke6 {[%clk 00:56:40]} {[%emt 00:00:48]} 48. Kd3 {[%clk 00:10:38]}
{[%emt 00:00:06]} Rxf4 {[%clk 00:56:37]} {[%emt 00:00:32]} 49. Rc2 {[%clk
00:10:59]} {[%emt 00:00:10]} Kd5 {[%clk 00:56:30]} {[%emt 00:00:38]} 50. Ke3
{[%clk 00:11:15]} {[%emt 00:00:12]} Rd4 {[%clk 00:56:15]} {[%emt 00:00:46]} 51.
f4 {[%clk 00:11:36]} {[%emt 00:00:08]} Rd2 {[%clk 00:55:54]} {[%emt 00:00:51]}
52. Rxd2+ {[%clk 00:11:14]} {[%emt 00:00:53]} cxd2 {[%clk 00:56:16]} {[%emt
00:00:08]} 53. Kxd2 {[%clk 00:11:40]} {[%emt 00:00:04]} Kd4 {[%clk 00:56:38]}
{[%emt 00:00:08]} 54. h4 {[%clk 00:12:04]} {[%emt 00:00:07]} a5 {[%clk
00:57:01]} {[%emt 00:00:07]} 55. Kc2 {[%clk 00:12:28]} {[%emt 00:00:05]} Kc4
{[%clk 00:57:17]} {[%emt 00:00:15]} 56. Kb2 {[%clk 00:12:45]} {[%emt 00:00:13]}
a4 {[%clk 00:57:37]} {[%emt 00:00:10]} 57. a3 {[%clk 00:12:50]} {[%emt
00:00:25]} bxa3+ {[%clk 00:57:47]} {[%emt 00:00:20]} 58. Kxa3 {[%clk 00:13:15]}
{[%emt 00:00:05]} Kd4 {[%clk 00:58:12]} {[%emt 00:00:06]} 59. Kxa4 {[%clk
00:13:34]} {[%emt 00:00:10]} Ke4 {[%clk 00:58:37]} {[%emt 00:00:05]} 60. Kb3
{[%clk 00:13:58]} {[%emt 00:00:06]} Kxf4 {[%clk 00:59:02]} {[%emt 00:00:06]}
61. Kc3 {[%clk 00:14:15]} {[%emt 00:01:27]} Kg4 {[%clk 00:59:27]} {[%emt
00:00:05]} 62. Kd3 {[%clk 00:14:37]} {[%emt 00:00:08]} Kxh4 {[%clk 00:59:50]}
{[%emt 00:00:06]} 63. Ke3 {[%clk 00:15:04]} {[%emt 00:00:04]} g5 {[%clk
01:00:11]} {[%emt 00:00:09]} 64. Kf3 {[%clk 00:15:18]} {[%emt 00:00:16]} g4+
{[%clk 01:00:33]} {[%emt 00:00:08]} 65. Kf2 {[%clk 00:15:39]} {[%emt 00:00:09]}
f4 {[%clk 01:00:44]} {[%emt 00:00:19]} 66. Kg2 {[%clk 00:16:03]} {[%emt
00:00:06]} f3+ {[%clk 01:01:04]} {[%emt 00:00:10]} 67. Kg1 {[%clk 00:16:25]}
{[%emt 00:00:07]} g3 {[%clk 01:01:25]} {[%emt 00:00:09]} 68. Kh1 {[%clk
00:16:18]} {[%emt 00:00:37]} Kh3 {[%clk 01:01:50]} {[%emt 00:00:05]} 69. Kg1
{[%clk 00:16:43]} {[%emt 00:00:06]} g2 {[%clk 01:02:14]} {[%emt 00:00:06]} 70.
Kf2 {[%clk 00:17:07]} {[%emt 00:00:06]} Kh2 {[%clk 01:02:40]} {[%emt 00:00:04]}
71. Kxf3 {[%clk 00:17:28]} {[%emt 00:00:08]} g1=Q {[%clk 01:03:05]} {[%emt
00:00:06]} 72. Kf4 {[%clk 00:17:52]} {[%emt 00:00:06]} Qe1 {[%clk 01:03:25]}
{[%emt 00:00:08]} 73. Kf5 {[%clk 00:18:17]} {[%emt 00:00:05]} Qe3 {[%clk
01:03:45]} {[%emt 00:00:09]} 74. Kg6 {[%clk 00:18:43]} {[%emt 00:00:06]} Qf4
{[%clk 01:03:59]} {[%emt 00:00:16]} 75. Kh7 {[%clk 00:19:08]} {[%emt 00:00:04]}
Qd6 {[%clk 01:04:13]} {[%emt 00:00:16]} 76. Kxg7 {[%clk 00:19:25]} {[%emt
00:00:13]} Kg3 {[%emt 00:00:13]} 77. Kf7 {[%clk 00:19:49]} Kf4 {[%clk
01:05:01]} {[%emt 00:00:05]} 78. Ke8 {[%clk 00:20:17]} {[%emt 00:00:03]} Qc7
{[%clk 01:05:22]} {[%emt 00:00:09]} 79. Kf8 {[%clk 00:20:41]} {[%emt 00:00:06]}
Kf5 {[%clk 01:05:47]} {[%emt 00:00:05]} 80. Kg8 {[%clk 00:21:08]} {[%emt
00:00:02]} Kg6 {[%clk 01:06:10]} {[%emt 00:00:07]} 81. Kf8 {[%clk 00:21:29]}
{[%emt 00:00:09]} Qf7# {[%clk 01:06:35]} {[%emt 00:00:06]} 0-1

[Event "DVM U16w 2024"]
[Site "Neumünster GER"]
[Date "2024.12.28"]
[Round "4"]
[White "Halas, Neele Zoe"]
[Black "Kasten, Luna Seraphine"]
[Result "1-0"]
[Termination "normal"]
[Board "10.1"]
[WhiteElo "1835"]
[BlackElo "1203"]
[WhiteClock "01:12:23"]
[BlackClock "01:20:14"]
[WhiteTeam "SG Leipzig"]
[BlackTeam "SV Eintracht Tangerhütte"]
[PlyCount "47"]
[WhiteFideId "16287282"]
[BlackFideId "34681639"]
[EventCountry "GER"]
[EventRounds "7"]
[EventType "team-swiss"]
[EventDate "2024.12.26"]

1. e4 {[%clk 01:30:57]} {[%emt 00:00:02]} d5 {[%clk 01:30:56]} {[%emt
00:00:05]} 2. exd5 {[%clk 01:31:16]} {[%emt 00:00:11]} c6 {[%clk 01:30:55]}
{[%emt 00:00:31]} 3. dxc6 {[%clk 01:31:19]} {[%emt 00:00:27]} Nxc6 {[%clk
01:31:11]} {[%emt 00:00:15]} 4. Nf3 {[%clk 01:31:23]} {[%emt 00:00:25]} Bg4
{[%clk 01:31:02]} {[%emt 00:00:38]} 5. h3 {[%clk 01:31:14]} {[%emt 00:00:39]}
Bf5 {[%clk 01:30:44]} {[%emt 00:00:49]} 6. Bb5 {[%clk 01:30:44]} {[%emt
00:01:00]} Qb6 {[%clk 01:30:48]} {[%emt 00:00:26]} 7. Nc3 {[%clk 01:27:46]}
{[%emt 00:03:28]} O-O-O {[%clk 01:29:58]} {[%emt 00:01:19]} 8. O-O {[%clk
01:26:02]} {[%emt 00:02:15]} Nf6 {[%clk 01:29:59]} {[%emt 00:00:27]} 9. d3
{[%clk 01:24:37]} {[%emt 00:01:56]} e5 {[%clk 01:29:41]} {[%emt 00:00:48]} 10.
Bxc6 {[%clk 01:24:38]} {[%emt 00:00:28]} Qxc6 {[%clk 01:28:45]} {[%emt
00:01:27]} 11. Nxe5 {[%clk 01:23:43]} {[%emt 00:01:25]} Qe6 {[%clk 01:28:29]}
{[%emt 00:00:46]} 12. Re1 {[%clk 01:20:07]} {[%emt 00:04:06]} Bd6 {[%clk
01:28:31]} {[%emt 00:00:28]} 13. Nc4 {[%clk 01:14:35]} {[%emt 00:06:02]} Qd7
{[%clk 01:26:23]} {[%emt 00:02:37]} 14. Nxd6+ {[%clk 01:12:22]} {[%emt
00:02:44]} Qxd6 {[%clk 01:26:42]} {[%emt 00:00:12]} 15. Qf3 {[%clk 01:11:54]}
{[%emt 00:00:57]} Rde8 {[%clk 01:24:53]} {[%emt 00:02:18]} 16. Qxf5+ {[%clk
01:11:15]} {[%emt 00:01:10]} Kb8 {[%clk 01:25:05]} {[%emt 00:00:19]} 17. Bf4
{[%clk 01:11:18]} {[%emt 00:00:27]} Kc7 {[%clk 01:23:11]} {[%emt 00:02:24]} 18.
Bxd6+ {[%clk 01:11:36]} {[%emt 00:00:12]} Kxd6 {[%emt 00:00:27]} 19. Nb5+
{[%emt 00:00:30]} Kc6 {[%clk 01:21:42]} {[%emt 00:01:01]} 20. Rxe8 {[%clk
01:11:27]} {[%emt 00:00:39]} Rxe8 {[%clk 01:22:03]} {[%emt 00:00:10]} 21. c4
{[%clk 01:11:30]} {[%emt 00:00:27]} Kb6 {[%clk 01:21:36]} {[%emt 00:00:58]} 22.
b4 {[%clk 01:11:39]} {[%emt 00:00:20]} g6 {[%clk 01:19:47]} {[%emt 00:02:18]}
23. Qc5+ {[%clk 01:12:01]} {[%emt 00:00:08]} Ka6 {[%clk 01:20:14]} {[%emt
00:00:04]} 24. Nc7# {[%clk 01:12:23]} {[%emt 00:00:07]} 1-0

[Event "DVM U16w 2024"]
[Site "Neumünster GER"]
[Date "2024.12.28"]
[Round "4"]
[White "Neitzke, Loreley"]
[Black "Amelang, Jamie Alice"]
[Result "0-1"]
[Termination "normal"]
[Board "10.2"]
[WhiteElo "883"]
[BlackElo "1634"]
[WhiteClock "01:19:39"]
[BlackClock "01:23:47"]
[WhiteTeam "SV Eintracht Tangerhütte"]
[BlackTeam "SG Leipzig"]
[PlyCount "40"]
[BlackFideId "34605754"]
[EventCountry "GER"]
[EventRounds "7"]
[EventType "team-swiss"]
[EventDate "2024.12.26"]

1. d4 {[%clk 01:30:56]} {[%emt 00:00:04]} Nf6 {[%clk 01:30:54]} {[%emt
00:00:07]} 2. e3 {[%clk 01:31:05]} {[%emt 00:00:21]} g6 {[%clk 01:31:17]}
{[%emt 00:00:07]} 3. Bd3 {[%clk 01:30:25]} {[%emt 00:01:09]} Bg7 {[%clk
01:31:40]} {[%emt 00:00:07]} 4. c4 {[%clk 01:29:16]} {[%emt 00:01:39]} d5
{[%clk 01:31:44]} {[%emt 00:00:26]} 5. b3 {[%clk 01:29:08]} {[%emt 00:00:35]}
dxc4 {[%clk 01:31:33]} {[%emt 00:00:44]} 6. Bxc4 {[%clk 01:29:16]} {[%emt
00:00:20]} c5 {[%clk 01:31:46]} {[%emt 00:00:18]} 7. Ne2 {[%clk 01:28:23]}
{[%emt 00:01:23]} Nc6 {[%clk 01:29:02]} {[%emt 00:03:15]} 8. Bb2 {[%clk
01:28:37]} {[%emt 00:00:15]} cxd4 {[%clk 01:27:36]} {[%emt 00:01:56]} 9. O-O
{[%clk 01:28:16]} {[%emt 00:00:50]} dxe3 {[%clk 01:26:54]} {[%emt 00:01:13]}
10. Nbc3 {[%clk 01:27:40]} {[%emt 00:01:01]} exf2+ {[%clk 01:26:25]} {[%emt
00:01:04]} 11. Rxf2 {[%clk 01:27:45]} {[%emt 00:00:21]} O-O {[%clk 01:24:44]}
{[%emt 00:02:15]} 12. Nd4 {[%clk 01:26:04]} {[%emt 00:02:11]} Nxd4 {[%clk
01:24:55]} {[%emt 00:00:19]} 13. Nb5 {[%clk 01:25:36]} {[%emt 00:00:57]} Nxb5
{[%clk 01:25:00]} {[%emt 00:00:25]} 14. Rd2 {[%clk 01:25:23]} {[%emt 00:00:44]}
Qb6+ {[%clk 01:25:01]} {[%emt 00:00:29]} 15. Bd4 {[%clk 01:22:33]} {[%emt
00:03:52]} Nxd4 {[%clk 01:25:38]} {[%emt 00:00:21]} 16. Rxd4 {[%clk 01:22:41]}
{[%emt 00:00:22]} Ne4 {[%clk 01:24:54]} {[%emt 00:01:14]} 17. Kf1 {[%clk
01:20:35]} {[%emt 00:02:35]} Bxd4 {[%clk 01:24:06]} {[%emt 00:01:18]} 18. Rc1
{[%clk 01:20:03]} {[%emt 00:01:02]} Qf6+ {[%clk 01:24:20]} {[%emt 00:00:17]}
19. Ke2 {[%clk 01:19:28]} {[%emt 00:01:05]} Qf2+ {[%clk 01:23:47]} {[%emt
00:01:03]} 20. Kd3 {[%clk 01:19:39]} {[%emt 00:00:20]} Nc5# {[%emt 00:00:49]}
0-1

[Event "DVM U16w 2024"]
[Site "Neumünster GER"]
[Date "2024.12.28"]
[Round "4"]
[White "Peglau, Lorena"]
[Black "Quauck, Isabell"]
[Result "0-1"]
[Termination "normal"]
[Board "10.3"]
[WhiteElo "1508"]
[BlackElo "1465"]
[WhiteClock "01:23:49"]
[BlackClock "00:37:58"]
[WhiteTeam "SG Leipzig"]
[BlackTeam "SV Eintracht Tangerhütte"]
[PlyCount "130"]
[WhiteFideId "16290542"]
[BlackFideId "34665390"]
[EventCountry "GER"]
[EventRounds "7"]
[EventType "team-swiss"]
[EventDate "2024.12.26"]

1. d4 {[%clk 01:30:57]} {[%emt 00:00:02]} e6 {[%clk 01:30:51]} {[%emt
00:00:10]} 2. e4 {[%clk 01:31:22]} {[%emt 00:00:06]} c5 {[%clk 01:31:06]}
{[%emt 00:00:15]} 3. c3 {[%clk 01:31:40]} {[%emt 00:00:12]} d5 {[%clk
01:21:01]} {[%emt 00:10:35]} 4. exd5 {[%clk 01:31:17]} {[%emt 00:00:53]} exd5
{[%clk 01:21:13]} {[%emt 00:00:18]} 5. Nf3 {[%clk 01:31:07]} {[%emt 00:00:40]}
Nf6 {[%clk 01:20:50]} {[%emt 00:00:53]} 6. Bf4 {[%clk 01:30:44]} {[%emt
00:00:52]} Nc6 {[%clk 01:15:38]} {[%emt 00:05:43]} 7. Bb5 {[%clk 01:29:53]}
{[%emt 00:01:21]} Bg4 {[%clk 01:14:12]} {[%emt 00:01:56]} 8. O-O {[%clk
01:29:09]} {[%emt 00:01:14]} Be7 {[%clk 01:13:55]} {[%emt 00:00:47]} 9. dxc5
{[%clk 01:29:11]} {[%emt 00:00:29]} Bxc5 {[%clk 01:12:00]} {[%emt 00:02:24]}
10. Re1+ {[%clk 01:29:15]} {[%emt 00:00:25]} Be7 {[%clk 01:12:13]} {[%emt
00:00:18]} 11. h3 {[%clk 01:28:02]} {[%emt 00:01:43]} Bd7 {[%clk 01:07:01]}
{[%emt 00:05:42]} 12. Bg5 {[%clk 01:23:46]} {[%emt 00:04:47]} O-O {[%clk
01:07:01]} {[%emt 00:00:30]} 13. Bxf6 {[%clk 01:22:43]} {[%emt 00:01:33]} Bxf6
{[%clk 01:07:03]} {[%emt 00:00:28]} 14. Qxd5 {[%clk 01:22:56]} {[%emt
00:00:17]} Qb6 {[%clk 01:04:23]} {[%emt 00:03:09]} 15. Nbd2 {[%clk 01:20:34]}
{[%emt 00:02:52]} Rad8 {[%clk 01:04:01]} {[%emt 00:00:51]} 16. Qb3 {[%clk
01:20:32]} {[%emt 00:00:34]} Na5 {[%clk 01:01:07]} {[%emt 00:03:24]} 17. Nc4
{[%clk 01:20:05]} {[%emt 00:00:56]} Bxb5 {[%clk 00:53:49]} {[%emt 00:07:49]}
18. Nxa5 {[%clk 01:19:41]} {[%emt 00:00:55]} Qxa5 {[%clk 00:53:55]} {[%emt
00:00:24]} 19. Ne5 {[%clk 01:18:42]} {[%emt 00:01:28]} Ba4 {[%clk 00:48:04]}
{[%emt 00:06:21]} 20. Nc4 {[%clk 01:18:20]} {[%emt 00:00:52]} Bxb3 {[%clk
00:45:47]} {[%emt 00:02:48]} 21. Nxa5 {[%clk 01:18:42]} {[%emt 00:00:09]} Bd5
{[%clk 00:46:01]} {[%emt 00:00:16]} 22. Rad1 {[%clk 01:16:24]} {[%emt
00:02:48]} b6 {[%clk 00:45:19]} {[%emt 00:01:12]} 23. Nb3 {[%clk 01:16:01]}
{[%emt 00:00:52]} Bxb3 {[%clk 00:43:32]} {[%emt 00:02:17]} 24. axb3 {[%clk
01:16:24]} {[%emt 00:00:08]} Rxd1 {[%clk 00:43:49]} {[%emt 00:00:13]} 25. Rxd1
{[%clk 01:16:47]} {[%emt 00:00:07]} Rc8 {[%clk 00:44:06]} {[%emt 00:00:13]} 26.
Rd7 {[%clk 01:16:57]} {[%emt 00:00:21]} a5 {[%clk 00:44:03]} {[%emt 00:00:33]}
27. Rb7 {[%clk 01:17:09]} {[%emt 00:00:17]} Bd8 {[%clk 00:43:20]} {[%emt
00:01:11]} 28. Rd7 {[%clk 01:17:12]} {[%emt 00:00:28]} Bc7 {[%clk 00:43:12]}
{[%emt 00:00:37]} 29. Kf1 {[%clk 01:17:10]} {[%emt 00:00:33]} g6 {[%clk
00:43:09]} {[%emt 00:00:33]} 30. Ke2 {[%clk 01:17:13]} {[%emt 00:00:28]} Bf4
{[%clk 00:43:00]} {[%emt 00:00:39]} 31. Kd1 {[%clk 01:17:30]} {[%emt 00:00:12]}
Bg5 {[%clk 00:42:04]} {[%emt 00:01:26]} 32. Rd6 {[%clk 01:17:35]} {[%emt
00:00:25]} b5 {[%clk 00:41:13]} {[%emt 00:01:23]} 33. Rd5 {[%clk 01:17:51]}
{[%emt 00:00:13]} Rd8 {[%clk 00:41:24]} {[%emt 00:00:19]} 34. Rxd8+ {[%clk
01:18:03]} {[%emt 00:00:18]} Bxd8 {[%clk 00:41:45]} {[%emt 00:00:09]} 35. Kc2
{[%clk 01:17:26]} {[%emt 00:01:07]} Bb6 {[%clk 00:40:00]} {[%emt 00:02:16]} 36.
f3 {[%clk 01:17:39]} {[%emt 00:00:16]} f5 {[%clk 00:40:22]} {[%emt 00:00:08]}
37. Kd3 {[%clk 01:17:28]} {[%emt 00:00:41]} Kf7 {[%clk 00:40:39]} {[%emt
00:00:13]} 38. g4 {[%clk 01:17:20]} {[%emt 00:00:38]} Kf6 {[%clk 00:40:20]}
{[%emt 00:00:49]} 39. f4 {[%clk 01:16:48]} {[%emt 00:01:02]} Bc7 {[%clk
00:40:20]} {[%emt 00:00:30]} 40. g5+ {[%clk 01:16:25]} {[%emt 00:00:53]} Ke6
{[%clk 00:40:34]} {[%emt 00:00:16]} 41. Ke3 {[%clk 01:16:43]} {[%emt 00:00:12]}
Bb6+ {[%clk 00:39:45]} {[%emt 00:01:19]} 42. Kd3 {[%clk 01:17:00]} {[%emt
00:00:12]} Kd5 {[%clk 00:36:39]} {[%emt 00:03:35]} 43. c4+ {[%clk 01:16:52]}
{[%emt 00:00:39]} bxc4+ {[%clk 00:36:50]} {[%emt 00:00:19]} 44. bxc4+ {[%clk
01:17:16]} {[%emt 00:00:06]} Kc5 {[%clk 00:37:06]} {[%emt 00:00:14]} 45. b3
{[%clk 01:16:56]} {[%emt 00:00:51]} Kb4 {[%clk 00:36:20]} {[%emt 00:01:16]} 46.
Kc2 {[%clk 01:16:50]} {[%emt 00:00:35]} Be3 {[%clk 00:36:36]} {[%emt 00:00:15]}
47. Kd3 {[%clk 01:16:41]} {[%emt 00:00:39]} Bxf4 {[%clk 00:36:46]} {[%emt
00:00:20]} 48. h4 {[%clk 01:16:59]} {[%emt 00:00:12]} Bg3 {[%clk 00:35:37]}
{[%emt 00:01:38]} 49. Kd4 {[%clk 01:17:21]} {[%emt 00:00:08]} Kxb3 {[%clk
00:33:59]} {[%emt 00:02:09]} 50. c5 {[%clk 01:17:42]} {[%emt 00:00:09]} Bf2+
{[%clk 00:34:19]} {[%emt 00:00:10]} 51. Kd5 {[%clk 01:18:05]} {[%emt 00:00:07]}
Bxc5 {[%clk 00:34:42]} {[%emt 00:00:07]} 52. Kxc5 {[%clk 01:18:29]} {[%emt
00:00:05]} f4 {[%clk 00:34:54]} {[%emt 00:00:18]} 53. Kd5 {[%clk 01:18:52]}
{[%emt 00:00:07]} f3 {[%clk 00:35:18]} {[%emt 00:00:07]} 54. Ke6 {[%clk
01:19:18]} {[%emt 00:00:03]} f2 {[%clk 00:35:39]} {[%emt 00:00:09]} 55. Kf7
{[%clk 01:19:45]} {[%emt 00:00:04]} f1=Q+ {[%clk 00:35:56]} {[%emt 00:00:14]}
56. Kg7 {[%clk 01:20:12]} {[%emt 00:00:03]} Qh3 {[%clk 00:36:00]} {[%emt
00:00:25]} 57. Kxh7 {[%clk 01:20:34]} {[%emt 00:00:08]} Qxh4+ {[%clk 00:36:15]}
{[%emt 00:00:15]} 58. Kxg6 {[%clk 01:20:58]} {[%emt 00:00:06]} Qe4+ {[%clk
00:35:46]} {[%emt 00:00:59]} 59. Kh6 {[%clk 01:21:22]} {[%emt 00:00:07]} Qe3
{[%clk 00:36:09]} {[%emt 00:00:07]} 60. Kh7 {[%clk 01:21:43]} {[%emt 00:00:08]}
Qxg5 {[%clk 00:36:28]} {[%emt 00:00:11]} 61. Kh8 {[%clk 01:22:03]} {[%emt
00:00:10]} a4 {[%clk 00:36:48]} {[%emt 00:00:11]} 62. Kh7 {[%clk 01:22:29]}
{[%emt 00:00:04]} a3 {[%clk 00:37:10]} {[%emt 00:00:09]} 63. Kh8 {[%clk
01:22:56]} {[%emt 00:00:02]} a2 {[%clk 00:37:35]} {[%emt 00:00:05]} 64. Kh7
{[%clk 01:23:24]} {[%emt 00:00:02]} a1=R {[%clk 00:37:58]} {[%emt 00:00:07]}
65. Kh8 {[%clk 01:23:49]} {[%emt 00:00:05]} Rh1# {[%emt 00:00:05]} 0-1